| 000 | 00481nam a2200169 4500 | ||
|---|---|---|---|
| 001 | 137096 | ||
| 003 | ES-MaACL | ||
| 005 | 20230906195317.0 | ||
| 007 | t| | ||
| 008 | 070214s1966 sp r ||||1| spa d | ||
| 100 | 1 |
_aSalvador, Tomás. _9102080 |
|
| 245 | 1 | 3 |
_aLa guerra de España en sus fotografías / _cTomás Salvador. |
| 250 | _a1ª. ed. | ||
| 260 |
_aBarcelona : _bMarte, _c1966. |
||
| 300 |
_a573 p., 234 lám. : _bil. ; _c28 cm. |
||
| 852 |
_aES-MaACL _jC-30891 _bR.70147 |
||
| 999 |
_c137096 _d137096 |
||